Statistics for World Capitals further North than any Neighbouring Capital

Click here to take the quiz!

General Stats

  • This quiz has been taken 37 times
  • The average score is 4 of 5

Answer Stats

#Capital% Correct
3Helsinki
94%
2Tunis
88%
2Tallinn
84%
3Caracas
78%
2Beirut
9%

Score Distribution

Percentile by Number Answered

Percent of People with Each Score

Your Score History

You have not taken this quiz